Missing Word: Billy Crystal Movies Quiz Stats

 Plays Quiz Updated May 10, 2016

Challenge
Share
Tweet
Embed
Score 0/14 Timer 02:00
1 Play Today
Film Missing Word % Correct
When Harry Met _____...Sally
99.4%
*_____, Inc.Monsters
95.1%
This Is _____ TapSpinal
94.7%
The Princess _____Bride
94.1%
The Adventures of _____ & BullwinkleRocky
92.4%
Throw Momma from the _____Train
91.4%
City _____Slickers
87.6%
Film Missing Word % Correct
_____ ScaredRunning
63.8%
Mr. _____ NightSaturday
51.5%
Deconstructing _____Harry
50%
_____ SweetheartsAmerica's
37.8%
_____ ParisForget
35.1%
_____ of MeMemories
6%
Small _____Apartments
3.7%

Today's Daily Dose

You're not logged in!

Compare scores with friends on all Sporcle quizzes.
Join for Free
OR
Log In

You Might Also Like...

Show Comments

Extras

Top Quizzes Today


Score Distribution

Your Account Isn't Verified!

In order to create a playlist on Sporcle, you need to verify the email address you used during registration. Go to your Sporcle Settings to finish the process.

Report this User

Report this user for behavior that violates our Community Guidelines.

Details: